Исследование и расчет переходных процессов и коммутации в машинах постоянного тока при помощи электронных вычислительных машин: автореферат диссертации на соискание ученой степени кандидата технических наук

Бібліографічні деталі
Автор: Клейменов В. В.
Співавтор: Новочеркасский политехнический институт им. Серго Орджоникидзе
Інші автори: Синельников Е. М. (научный руководитель)
Мова:Російська
Опубліковано: Новочеркасск, 1964
Предмети:
Формат: Книга
KOHA link:https://koha.lib.tpu.ru/cgi-bin/koha/opac-detail.pl?biblionumber=93312

MARC

LEADER 00000nam0a2200000 4500
001 93312
005 20231031105132.0
035 |a (RuTPU)RU\TPU\book\99922 
090 |a 93312 
100 |a 20060328d1964 k y0rusy50 ca 
101 0 |a rus 
102 |a RU 
105 |a y dm 001zy 
200 1 |a Исследование и расчет переходных процессов и коммутации в машинах постоянного тока при помощи электронных вычислительных машин  |e автореферат диссертации на соискание ученой степени кандидата технических наук  |f В. В. Клейменов  |g Новочеркасский политехнический институт им. Серго Орджоникидзе; науч. рук. Е. М. Синельников 
210 |d 1964  |a Новочеркасск 
215 |a 27 с. 
320 |a Библиогр.: с. 25-26. 
610 1 |a машины постоянного тока 
610 1 |a переходные процессы 
610 1 |a расчет 
610 1 |a исследование 
610 1 |a авторефераты диссертаций 
675 |a 621.31.3.07  |v 3 
700 1 |a Клейменов  |b В. В. 
702 1 |a Синельников  |b Е. М.  |4 727 
712 0 2 |a Новочеркасский политехнический институт им. Серго Орджоникидзе  |2 stltpush  |3 (RuTPU)RU\TPU\col\227 
801 1 |a RU  |b 63413507  |c 20060328  |g PSBO 
801 2 |a RU  |b 63413507  |c 20180525  |g PSBO 
942 |c BK